Tiny Almost Useless Trivia XXI Quiz Stats

 Plays Quiz Updated Apr 18, 2018

Challenge
Share
Tweet
Embed
Score 0/15 Timer 03:00
6 Plays Today
Question Answer % Correct
What country owns Greenland?Denmark
85.2%
What do you call a set of 52 playing cards?deck
83.7%
What Disney character has a girlfriend named Daisy?Donald Duck
83.6%
What 2017 Christopher Nolan WWII movie about a famed evacuation features Harry Styles?Dunkirk
67.5%
What is the term for letting a ball fall to the ground and then propelling it with your foot?dropkick
64.4%
What show launched the careers of Katie Holmes, Joshua Jackson, Michelle Williams, and James Van Der Beek?Dawson's Creek
55.9%
What term for a turkey leg is often ritually given out by families at Thanksgiving?drumstick
54.2%
What term for a tower over an oil well is a homophone of a man's name?derrick
39.4%
Question Answer % Correct
What is the royal title of Sarah Ferguson, the former wife of Prince Andrew?Duchess of York
33.6%
What verb means to remove a priest from the powers of their office and literally means to make bare?defrock
33.3%
What species of small antelope from southern Africa sounds like a word said twice?dik-dik
33.1%
What Czech composer Antonín wrote his symphony 'From the New World?'Dvořák
28%
What is the name of the term for believing two opposite things simultaneously in 'Nineteen Eighty-Four'?Doublethink
25.3%
Who shared the Nobel Peace Prize with Mandela for ending apartheid?De Klerk
18.5%
What construction vehicle did Ted Stevens say the internet was not like, when saying it is a 'series of tubes'?dump truck
14.5%

You're not logged in!

Compare scores with friends on all Sporcle quizzes.
OR
Log In

You Might Also Like...

Show Comments

Extras

Top Quizzes Today


Score Distribution

Your Account Isn't Verified!

In order to create a playlist on Sporcle, you need to verify the email address you used during registration. Go to your Sporcle Settings to finish the process.

Report this User

Report this user for behavior that violates our Community Guidelines.

Details: